Prístupy k riešeniu pracovnej integrácie osôb zo zdravotným postihnutím

Pracovná integrácia ako súčasť politiky aktívnej inklúzie. Rámec aktívnej inklúzie. Vplyv služieb zamestnanosti na postavenie osôb so zdravotným postihnutím na trhu práce v Slovenskej republike. Nástroje aktívnych opatrení trhu práce.

Enregistré dans:
Détails bibliographiques
Auteur principal: Husáková, Mária
Format: Chapitre de livre
Langue:slovaque
Sujets:
Tags: Ajouter un tag
Pas de tags, Soyez le premier à ajouter un tag!

MARC

LEADER 00000naa a2200000 4500
001 0197009
005 20240502073325.1
041 0 |a slo 
044 |a SK 
245 1 0 |a Prístupy k riešeniu pracovnej integrácie osôb zo zdravotným postihnutím  |c Mária Husáková 
520 |a Pracovná integrácia ako súčasť politiky aktívnej inklúzie. Rámec aktívnej inklúzie. Vplyv služieb zamestnanosti na postavenie osôb so zdravotným postihnutím na trhu práce v Slovenskej republike. Nástroje aktívnych opatrení trhu práce. 
610 2 0 |a trh práce 
610 2 0 |a osoby so zníženou pracovnou schopnosťou 
610 2 0 |a osoby zdravotne postihnuté 
610 2 0 |a dielne chránené 
610 2 0 |a skupiny sociálne 
610 2 0 |a politika zamestnanosti 
610 2 0 |a Slovensko 
100 1 |a Husáková, Mária